Statistics for Video Game Titles A-Z

Click here to take the quiz!

General Stats

  • This quiz has been taken 16 times
  • The average score is 7 of 26

Answer Stats

Letter Game Genre Character Clues Answer % Correct
ZAction-AdventureLink, Impa, Ganon, Dark LinkZelda II: The Adventure of Link
77%
PRole-playingBruno, Lance, Agatha, Lorelei, Professor OakPokemon
62%
GAction-AdventureSweet, Big Smoke, Michael De Santa, Franklin Clinton, Trevor PhilipsGrand Theft Auto
62%
FJapanese Role-Playing GameZidane Tribal, Squall Leonheart, Cloud Strife, Terra Brandford, Bartz KlauserFinal Fantasy
54%
AAction-Adventure,StealthDesmond Miles, Ezio Auditore da Firenze, Haytham Kenway, Edward James Kenway,Lucy StillmanAssassin's Creed
54%
HFirst-Person ShooterGordon Freeman, Alyx Vance, Wallace Breen, Barney Calhoun, Eli VanceHalf-Life
46%
NBasketball Sports SimulationCovers: Allen Iverson, Shaquille O'Neal, Stephen Curry, Anthony Davis, Lebron JamesNBA 2K
38%
QFirst-Person ShooterRanger, Doomguy, Shub-Niggurath, B.J. Blazkowicz, TankjrQuake
38%
WMassively Multiplayer Online Role-PlayingNefarian, Hakkar, C'Thun, Kel'Thuzad, Varok SaurfangWorld of Warcraft
38%
SFightingCervantes, Siegfried, Maxi, Talim, KilikSoul Calibur
31%
BAction Role-Playing, First-Person ShooterAxton, Brick, Lilith, Salvador, MayaBorderlands
31%
YCard Battle SimulatorAtem, Heishin, Jono, Teana, Simon MuranYu-Gi-Oh! Forbidden Memories
23%
LMultiplayer Online Battle ArenaGaren, Graves, Fizz, Ezreal, SonaLeague of Legends
23%
RAction-AdventureArthur Morgan, Dutch van der Linde, Hosea Matthews,John Marston & Abigail MarstonRed Dead Redemption
23%
DMultiplayer Online Battle ArenaBalanar, Nevermore, Traxex, Dragonus, KardelDefense of the Ancients
23%
UFirst-Person ShooterXan Kriegor, Malcolm, Kragoth, Loque,Prisoner 849Unreal
15%
EMassively Multiplayer Online Role-PlayingClasses: Monk, Rouge, Berserker, Cleric, Druid, Shaman, Wizard, PaladinsEverQuest
15%
CJapanese Role-Playing GameSerge, Kidd, Lynx, Glenn, FargoChrono Cross
15%
IAction-AdventureThe Queen, Yorda, Shadow Creatures, IcoIco
15%
MMultiplayer Online Battle ArenaClaude, Harley, Minotaur, Lancelot, AldousMobile Legends
8%
VJapanese Role-Playing GameLenneth, Hrist, Silmeria, Loki, PlatinaValkyrie Profile
8%
XJapanese Role-Playing GameFei Fong Wong, Elly Van Houten, Citan Uzuki, Bart Fatima, Rico BanderasXenogears
8%
OTactical ShooterDavid Armstrong, Robert Hammer, Sam Nichols, James Gastovski, Aleksei GubaOperation Flashpoint: Cold War Crisis
0%
TPlatformTabby, Charles, Evil Pigs, 100 Year Old Wise Man, ZippoTomba!
0%
KAction Role-PlayingRadzig Kobyla, Charles IV, Henry, Divish, Silver SkaliceKingdom Come: Deliverance
0%
J3D platformerDennis, Dr. Knarf, Mutated Vegetables, Prehistoric MonstersJersey Devil
0%

Score Distribution

Percentile by Number Answered

Percent of People with Each Score

Your Score History

You have not taken this quiz